000 00613nam a2200217 a 4500
001 BRCA_792
005 20190320203142.0
008 020508s1986----sp-a---###---#000-0#spa-#
020 _a843479014
041 _aspa
044 _asp
050 4 _aHN8
_p.T8 1986
100 1 _aTuñón de Lara, Manuel
_92637
245 1 0 _aClaves de la historia social
_cManuel Tuñón de Lara.
260 _aBarcelona
_bSalvat
_c1986
300 _a64 p.
_bil. (algunas a color)
_c19 cm.
440 0 _aColección Salvat Temas clave
_v100
_92638
504 _aBibliografía: p. 64
650 1 4 _aHistoria social
_92639
942 _2lcc
_cB
999 _c688
_d688